000 00840nac a22002537a 4500
001 BR8300810
003 BR-BrBNA
005 20240105115623.0
008 230509b bl.|||m| |||| 00| 0 por d
040 _aBR-BrBNA
_bpor
_cBiblioteca Nacional de Agricultura
072 _aH10
090 _a0336 BR8300810
110 1 _aPrograma Integrado de Pesquisa Agropecuaria no Rio Grande do Sul, Porto Alegre (Brasil)
_97990
245 1 _aCombate biologico a lagarta da soja [Glycine max]
260 3 _aPorto Alegre, RS (Brasil):
_c1983.
300 _a1 p.
490 _aPesquisa - Programa Integrado de Pesquisa Agropecuaria no Rio Grande do Sul (Brazil)
_vno. 85
_x
650 _aSOJA
650 _aLAGARTA
650 _aVIRUS
650 _aCONTROLE BIOLOGICO
909 _a202312
_bLúcia Elande
_c55
_dLúcia Elande
942 _2AGRIS
_n0
_cMS
999 _c275603
_d275603